书目信息 |
| 题名: |
《古画品录》之中国绘画美学
|
|
| 作者: | 顾作义 , 吴国强 著 | |
| 分册: | ||
| 出版信息: | 广州 花城出版社 2023 |
|
| 页数: | 343页 | |
| 开本: | 21cm | |
| 丛书名: | 中国经典艺术美学 | |
| 单 册: | ||
| 中图分类: | J212 | |
| 科图分类: | ||
| 主题词: | 中国画--艺术美学--研究 | |
| 电子资源: | ||
| ISBN: | 978-7-5360-9947-0 | |
| 000 | 00900nam0 2200277 450 | |
| 001 | 012579855 | |
| 005 | 20240904033757.2 | |
| 010 | @a978-7-5360-9947-0@dCNY78.00 | |
| 100 | @a20231013d2023 em y0chiy0120 ea | |
| 101 | 0 | @achi |
| 102 | @aCN@b440000 | |
| 105 | @aa z 000yy | |
| 106 | @ar | |
| 200 | 1 | @a《古画品录》之中国绘画美学@9《gu hua pin lu 》zhi zhong guo hui hua mei xue@f顾作义,吴国强著 |
| 210 | @a广州@c花城出版社@d2023 | |
| 215 | @a343页@c图@d21cm | |
| 225 | @a中国经典艺术美学 | |
| 300 | @a中国经典艺术美学 | |
| 330 | @a本书以南朝齐艺术理论家谢赫的绘画论著《古画品录》为范本,分别从神采、技法、图像、色彩等角度研究探讨中国绘画里的美学。 | |
| 586 | @a | |
| 606 | 0 | @a中国画@x艺术美学@x研究 |
| 690 | @aJ212@v5 | |
| 701 | 0 | @a顾作义@9gu zuo yi@f(1958-)@4著 |
| 701 | 0 | @a吴国强@9wu guo qiang@f(1961-)@4著 |
| 801 | 0 | @aCN@c20240904 |
| 905 | @dJ212@eG528@f1@sJ212/G528@S@Z | |
| 《古画品录》之中国绘画美学/顾作义,吴国强著.-广州:花城出版社,2023 |
| 343页:图;21cm.-(中国经典艺术美学) |
| 中国经典艺术美学 |
| ISBN 978-7-5360-9947-0:CNY78.00 |
| 本书以南朝齐艺术理论家谢赫的绘画论著《古画品录》为范本,分别从神采、技法、图像、色彩等角度研究探讨中国绘画里的美学。 |
| ● |
| 相关链接 |
|
|
|
正题名:《古画品录》之中国绘画美学
索取号:J212/G528
 
预约/预借
| 序号 | 登录号 | 条形码 | 馆藏地/架位号 | 状态 | 备注 |
| 1 | 21613265 | 216132655 | 社科库309/309社科库 68排2列3层/ [索取号:J212/G528] | 在馆 |